| 000 | 01851nam a2200301 a 4500 | ||
|---|---|---|---|
| 001 | 000017397 | ||
| 003 | DO-SdBNP | ||
| 005 | 20260520134652.0 | ||
| 007 | 000017397 | ||
| 008 | 100324t 2009 dr 001 e spa d | ||
| 020 | _a9789945427639 | ||
| 040 |
_aBPMSU _bspa _cBPMSU |
||
| 082 |
_bA676t 2009 _aCu864.44 _222 |
||
| 092 |
_a _b |
||
| 100 | 1 | _aArdavín Trabanco, Carlos X. | |
| 245 | 1 | 3 |
_aLa torre de los panoramas : _bescritos sobre literatura dominicana / _cCarlos X. Ardavín Trabanco. |
| 260 |
_aSanto Domingo : _bSecretaría de Estado de Cultura, _c2009 _f |
||
| 300 |
_a114 p. ; _c23 cm. |
||
| 490 | 0 |
_aFrágil _v10 |
|
| 500 | _aIncluye datos biográficos del autor en la solapa de la cubierta | ||
| 504 | _aBibliografía : p. 109-114. | ||
| 505 | 0 |
_tAndrés L. Mateo o la persistencia de la memoria -- _tRepública Dominicana invertebrada -- _tMemoria de Alberto Baeza Flores -- _tTres visiones sobre periodismo y literatura -- _tJulia Álvarez y la literatura dominicana -- _tEnsoñaciones de un poeta puro -- _tLa celebración dominicana de la palabra -- _tConfesiones y observaciones de un poeta pensador -- _tNotas sobre poesía de Giovanni Di Pietro -- _tSistema referido a José Mármol -- _tEl búho y la luna: las cavilaciones de un poeta -- _tLos sonetos de León David -- _tLa poesía de Alex Ferreras -- _tLos aforismos de José Mármol -- _tBreve retrato de Diógenes Céspedes -- _tPedro Henríquez Ureña y Jorge Luis Borges -- _tTres calas en la poesía dominicana de principios de siglo -- _tReflexiones circunstanciales -- _gEpílogo: _tCarlos X. Ardavín y la literatura: una entrevista al escritor -- _tBibliografía -- _tProcedencia de los textos. |
|
| 650 | 7 | _aEnsayos cubanos | |
| 650 | 7 |
_a Literatura cubana _x |
|
| 650 | 7 |
_a Autores dominicanos _xCrítica e interpretación |
|
| 910 | _aVMateo v. | ||
| 942 |
_2ddc _cBK |
||
| 999 |
_c8146 _d8146 |
||